[Event "London Classic rapid op 11th"]
[White "Rushbrooke, Tibo"]
[Black "Titorenko, Kostyantyn"]
[Site "London"]
[Round "5"]
[Result "0-1"]
[Date "2019.12.07"]
[WhiteElo "1742"]
[BlackElo "1860"]
[PlyCount "84"]
[EventDate "2019.12.07"]
[EventType "swiss (rapid)"]
[EventRounds "7"]
[EventCountry "ENG"]
[SourceTitle "CBM 195 Extra"]
[Source "ChessBase"]
[SourceDate "2020.05.31"]
[SourceVersion "1"]
[SourceVersionDate "2020.05.31"]
[SourceQuality "1"]

1. d4 Nf6 2. Nc3 d5 3. Bg5 c6 4. e3 Bf5 5. Nf3 Nbd7 6. Nh4 Be6 7. Bd3 h6 8. Bxf6 Nxf6 9. f4 Bg4 10. Qd2 e6 11. h3 Ne4 12. Nxe4 Qxh4+ 13. g3 Qh5 14. Nf2 Bf3 15. Rh2 f5 16. Be2 Bxe2 17. Qxe2 Qf7 18. Nd3 Bd6 19. Ne5 Bxe5 20. fxe5 0-0 21. 0-0-0 c5 22. Rf1 Qc7 23. g4 fxg4 24. hxg4 Rxf1+ 25. Qxf1 Rf8 26. Qh3 cxd4 27. exd4 Qc4 28. c3 Rf1+ 29. Kd2 Qxa2 30. g5 Qxb2+ 31. Ke3 Qc1+ 32. Kd3 Rd1+ 33. Ke2 Rd2+ 34. Kf3 Qxc3+ 35. Kg4 Rxd4+ 36. Kh5 Qxh3+ 37. Rxh3 hxg5 38. Kg6 g4 39. Rh7 g3 40. Rxg7+ Kf8 41. Kf6 Rf4+ 42. Kg6 Rg4+ 0-1

[Event "London Classic rapid op 11th"]
[White "Titorenko, Kostyantyn"]
[Black "Trivedi, Aarnavh"]
[Site "London"]
[Round "3"]
[Result "0-1"]
[Date "2019.12.07"]
[WhiteElo "1860"]
[BlackElo "1611"]
[PlyCount "120"]
[EventDate "2019.12.07"]
[EventType "swiss (rapid)"]
[EventRounds "7"]
[EventCountry "ENG"]
[SourceTitle "CBM 195 Extra"]
[Source "ChessBase"]
[SourceDate "2020.05.31"]
[SourceVersion "1"]
[SourceVersionDate "2020.05.31"]
[SourceQuality "1"]

1. e4 c6 2. Nc3 d5 3. Qf3 d4 4. Nce2 e5 5. d3 Nf6 6. h3 h6 7. Qg3 Qc7 8. Nxd4 Bd6 9. Qxg7 exd4 10. Qxh8+ Ke7 11. Qxh6 Bb4+ 12. Bd2 Bd6 13. Nf3 Be6 14. Nxd4 Qb6 15. Bc3 Nbd7 16. Nxe6 Kxe6 17. Qe3 Qc7 18. 0-0-0 Bf4 19. Be2 Bxe3+ 20. fxe3 b5 21. g4 Qb6 22. Bd2 Ne5 23. g5 Nfd7 24. d4 Nc4 25. Bg4+ Ke7 26. Rhf1 Nxd2 27. Rxd2 Rf8 28. Rdf2 Qc7 29. e5 c5 30. c3 cxd4 31. exd4 b4 32. Kc2 bxc3 33. bxc3 Nb6 34. g6 Ke8 35. g7 Rg8 36. Rxf7 Qxf7 37. Rxf7 Kxf7 38. Kd3 Rxg7 39. c4 Rg5 40. c5 Nd5 41. a3 Ke7 42. Ke4 Nc3+ 43. Kf4 Rg8 44. e6 Rd8 45. Ke5 Rd5+ 46. Kf4 Rxd4+ 47. Ke3 Rc4 48. Kd3 Rxc5 49. Kc2 Ne4+ 50. Kb3 Nf2 51. Kb4 Re5 52. Bf3 Nxh3 53. a4 Nf4 54. Bc6 Kxe6 55. Bb5 Kd6 56. Ka5 Kc7 57. Ka6 Kb8 58. Bf1 Ne6 59. Bb5 Nc7+ 60. Ka5 a6 0-1

[Event "GBR-ch 105th U2050"]
[White "Rushbrooke, Tibo"]
[Black "Titorenko, Kostyantyn"]
[Site "Hull"]
[Round "4"]
[Result "0-1"]
[Date "2018.08.02"]
[WhiteElo "1576"]
[BlackElo "1850"]
[PlyCount "66"]
[EventDate "2018.07.30"]
[EventType "swiss"]
[EventRounds "5"]
[EventCountry "ENG"]
[SourceTitle "EXT 2019"]
[Source "ChessBase"]
[SourceDate "2018.10.10"]
[SourceVersion "1"]
[SourceVersionDate "2018.10.10"]
[SourceQuality "1"]

1. e4 e5 2. Nf3 Nc6 3. Nc3 Nf6 4. d4 exd4 5. Nxd4 Bb4 6. Nxc6 bxc6 7. Bd3 d5 8. exd5 0-0 9. 0-0 cxd5 10. Bg5 c6 11. Qf3 Be7 12. Rae1 Be6 13. h3 Rb8 14. Nd1 h6 15. Bd2 Bb4 16. c3 Bd6 17. b3 c5 18. Ne3 a5 19. Nf5 Bxf5 20. Qxf5 Bc7 21. g4 Qd6 22. f4 g6 23. Qe5 Qc6 24. Qe2 c4 25. Bc2 cxb3 26. Bxb3 a4 27. Bd1 Rb2 28. Qd3 Ne4 29. Bc1 Bb6+ 30. Be3 Bxe3+ 31. Rxe3 Rd2 32. Qb1 Qc5 33. Rfe1 Nxc3 0-1